1579 1949 1470 1350 1513 1593 1879 1128 1793 1876 1840 1637 1770 1512 1433 1134 1891 1656 1946 1779 1286 1858 1340 1044 1577 1326 1156 1942 1804 1560 1127 1247 1777 1378 1909 1180 1529 1360 1024 1001 1324 1017 1290 1406 1413 1329 1660 1558 1480 1158 1093 1584 1376 1492 1349 1001 1821 1154 1979 1203 1526 1932 1109 1622 1426 1979 1118 1141 1508 1896 1126 1530 1917 1057 1245 1286 1794 1958 1707 1493 1359 1651 1035 1973 1426 1400 1765 1501 1615 1576 1820 1631 1079 1518 1167 1918 1483 1004 1362 BCNSPRNW ULIB Ver.6.0+V

เปลี่ยนเป็นภาษาไทย

Change to English
 แสดงรายละเอียดบรรณานุกรม
  กลับหน้าหลัก

Brief Record : Get Marc (ISO 2709) : E-mail record : QR code < ปิดหน้าต่าง
LEADER : 00000nam 2200000uu 4500
001    13399120154
003     ULIB
008    120905s2550||||th 000 0 tha d
020    ^a9789744567819
020    9744567813
060    ^aW84^bอ823ก
100    ^aอุทัยวรรณ สุกิมานิล
245    ^aการบริการปฐมภูมิ. =^bPrimary care./^cโดย อุทัยวรรณ สุกิมานิล
246    ^aPrimary care
250    ^aพิมพ์ครั้งที่ 2
260    ^aนนทบุรี:^bโครงการสวัสดิการวิชาการ สถาบันพระบรมราชชนก,^c2550.
300    ^a263 หน้า
650    ^aการบริการด้านสุขภาพ
650  0 ^aบริการปฐมภูมิ
650  0 ^aสุขภาพ
945    ^p295^l0^i032731
945    ^p295^l0^i032732
945    ^p295^l0^i032733
999    ^aทศพร
รายการนี้ยังไม่มีแท็ก
คุณยังไม่ได้ล็อกอิน คุณสามารถมีกิจกรรมร่วมกับเว็บไซต์ได้ แต่ต้องล็อกอินก่อน ::
  ล็อกอิน

รายการสื่อสารสนเทศ

ลำดับที่ ประเภท เลขเรียก/บาร์โค้ด สถานที่ สถานะ
- ไม่พบข้อมูล -

รายการใกล้เคียง
    ผู้แต่ง [อุทัยวรรณ สุกิมานิล]

    หัวเรื่อง [การบริการด้านสุขภาพ]
    หัวเรื่อง [บริการปฐมภูมิ]
    หัวเรื่อง [สุขภาพ]

BibComment


ยังไม่เคยถูกคอมเมนท์

คอมเมนท์ทรัพยากรรายการนี้
  คอมเมนท์: การบริการปฐมภูมิ..


 Copyright 2026. Bcnsprnw @Library